| 000 | 00000nam 2200000zi 4500 |
| 001 | 9.894227 |
| 003 | CaOODSP |
| 005 | 20221107173657 |
| 006 | m o d f |
| 007 | cr cn||||||||| |
| 008 | 201202t20202020oncb ob f000 0 eng d |
| 020 | |a9780660367897 |
| 040 | |aCaOODSP|beng|erda|cCaOODSP |
| 043 | |an-cn-on |
| 086 | 1 |aEn3-4/332-2020E-PDF |
| 245 | 00|aRecovery strategy for the gray ratsnake (Pantherophis spiloides), Carolinian and Great Lakes/St. Lawrence populations, in Canada. |
| 264 | 1|aOttawa : |bGovernment of Canada = Gouvernement du Canada, |c2020. |
| 264 | 4|c©2020 |
| 300 | |a1 online resource (47, vi, 23, 5 pages) : |bmaps. |
| 336 | |atext|btxt|2rdacontent |
| 337 | |acomputer|bc|2rdamedia |
| 338 | |aonline resource|bcr|2rdacarrier |
| 490 | 1 |aSpecies at Risk Act recovery strategy series |
| 500 | |aIssued also in French under title: Programme de rétablissement de la couleuvre obscure (Pantherophis spiloides), population carolinienne et population des Grands Lacs et du Saint-Laurent, au Canada. |
| 500 | |a"Adopted under Section 44 of SARA." |
| 500 | |aIssued by Environment and Climate Change Canada. |
| 500 | |aIssued also in HTML format. |
| 504 | |aIncludes bibliographical references. |
| 505 | 0 |apt. 1. Federal addition to the recovery strategy for the gray ratsnake (Pantherophis spiloides), Carolinian and Frontenac Axis populations in Ontario -- pt. 2. Recovery strategy for the gray ratsnake (Pantherophis spiloides), Carolinian and Frontenac Axis populations in Ontario -- pt. 3. Gray ratsnake, Carolinian and Frontenac Axis populations : Ontario Government response statement. |
| 650 | 0|aPantherophis spiloides|xConservation|zOntario. |
| 650 | 0|aWildlife recovery|zOntario. |
| 710 | 1 |aCanada. |bEnvironment and Climate Change Canada, |eissuing body. |
| 775 | 08|tProgramme de rétablissement de la couleuvre obscure (Pantherophis spiloides), population carolinienne et population des Grands Lacs et du Saint-Laurent, au Canada.|w(CaOODSP)9.894230 |
| 830 | #0|aSpecies at Risk Act recovery strategy series.|w(CaOODSP)9.505071 |
| 856 | 40|qPDF|s6.52 MB|uhttps://publications.gc.ca/collections/collection_2021/eccc/En3-4-332-2020-eng.pdf |
| 856 | 4 |qHTML|sN/A|uhttps://www.canada.ca/en/environment-climate-change/services/species-risk-public-registry/recovery-strategies/gray-ratsnake-2020.html |